Fúzie a akvizície vo vybranom odvetví diplomová práca

Gespeichert in:
Bibliographische Detailangaben
1. Verfasser: Gajdová, Katarína
Körperschaft: Obchodná fakulta EU. Katedra medzinárodného obchodu
Weitere Verfasser: Pásztorová, Janka, 1960-
Format: Buch
Sprache:Slowakisch
Veröffentlicht: Bratislava 2017
Tags: Tag hinzufügen
Keine Tags, Fügen Sie das erste Tag hinzu!

MARC

LEADER 00000nbm a2200000 4500
001 0230682
005 20170927111325.9
041 0 |a slo 
044 |a SK 
245 1 0 |a Fúzie a akvizície vo vybranom odvetví  |b diplomová práca  |c Katarína Gajdová ; školiteľ: Janka Pásztorová 
264 1 |a Bratislava  |c 2017 
300 |a 92 s. 
100 1 |a Gajdová, Katarína 
700 1 |a Pásztorová, Janka, 1960- 
710 2 |a Obchodná fakulta EU. Katedra medzinárodného obchodu